Does You Know English Good? Quiz Stats

 Plays Quiz Updated Nov 5, 2018

Also try: Misspelled Madness
Challenge
Share
Tweet
Embed
Score 0/34 Timer 05:00
8 Plays Today
% Correct
Adjectives
92%
Punctuation
89.8%
Verbs
85.9%
Adverbs
85.2%
Suffixes
84%
Prefixes
82.6%
Conjunctions
81.2%
Contractions
78.4%
Nouns (Proper)
77.6%
Pronouns (Personal)
77.3%
Acronyms
77.2%
Pluralization
75.7%
Onomatopoeia
73.7%
Synonyms
69.2%
Antonyms
69%
Interjections
67.8%
Nouns (Common)
67.8%
% Correct
Prepositions
67.2%
Compound Words
66.1%
Pronouns (Interrogative)
64.7%
Homophones
63.6%
Nouns (Collective)
61.4%
Pig Latin
61.2%
Anagrams
56.1%
Homonyms
48.4%
Nonce Words
46.6%
Palindromes
46.5%
Nouns (Abstract)
42.4%
Heteronyms
34.7%
Proprietary Eponyms
30.9%
Portmanteaux
29.1%
Contronyms
26.3%
Capitonyms
20.5%
Demonyms
17.9%

You're not logged in!

Compare scores with friends on all Sporcle quizzes.
OR
Log In

You Might Also Like...

Show Comments

Extras

Top Quizzes Today


Score Distribution

Your Account Isn't Verified!

In order to create a playlist on Sporcle, you need to verify the email address you used during registration. Go to your Sporcle Settings to finish the process.

Report this User

Report this user for behavior that violates our Community Guidelines.

Details: